The heat is on (Record no. 66503)
[ view plain ]
| 000 -LEADER | |
|---|---|
| fixed length control field | 01426cam a2200241 4500 |
| 001 - CONTROL NUMBER | |
| control field | ABS63700 |
| 008 - FIXED-LENGTH DATA ELEMENTS--GENERAL INFORMATION | |
| fixed length control field | 000000n2001 000 0 eng u |
| 035 ## - SYSTEM CONTROL NUMBER | |
| System control number | (Sirsi) u111611 |
| 100 ## - MAIN ENTRY--PERSONAL NAME | |
| Personal name | Holmans, A. |
| 245 #4 - TITLE STATEMENT | |
| Title | The heat is on |
| 260 ## - PUBLICATION, DISTRIBUTION, ETC. | |
| Date of publication, distribution, etc. | 2001 |
| 490 ## - SERIES STATEMENT | |
| Series statement | Housing Today |
| Volume/sequential designation | (224) 8 March 2001, 14-15(2) |
| 520 ## - SUMMARY, ETC. | |
| Summary, etc. | Revised government projections indicate England's population will increase by around 1m more than previously thought. Presents, and considers, the key findings of the newly released report by the National Housing Federation and the Country Planning Association - "Housing demand and need in England 1996-2016". This estimates that the higher population projection will lead to the formation of 420,000 additional households in England over 20 years. Thus, to meet this rising need, every year between 1996-2000 an additional 80,000-85,000 affordable homes will be needed. The report also considers the effects on different regions. For instance, housing pressures are expected to be felt most keenly in the south of England. Notes the importance of utilising these projections in planning decisions and allocation of resources for housing. Diagrams. |
| 590 ## - LOCAL NOTE (RLIN) | |
| Local note | ABS |
| 650 ## - SUBJECT ADDED ENTRY--TOPICAL TERM | |
| Topical term or geographic name entry element | PLANNING POLICY |
| 650 ## - SUBJECT ADDED ENTRY--TOPICAL TERM | |
| Topical term or geographic name entry element | HOUSING DEMAND |
| 650 ## - SUBJECT ADDED ENTRY--TOPICAL TERM | |
| Topical term or geographic name entry element | PROJECTIONS |
| 650 ## - SUBJECT ADDED ENTRY--TOPICAL TERM | |
| Topical term or geographic name entry element | ONE PERSON HOUSEHOLDS |
| 650 ## - SUBJECT ADDED ENTRY--TOPICAL TERM | |
| Topical term or geographic name entry element | HOUSEHOLD GROWTH |
| 690 ## - LOCAL SUBJECT ADDED ENTRY--TOPICAL TERM (OCLC, RLIN) | |
| Topical term or geographic name as entry element | HOUSING |
| 700 ## - ADDED ENTRY--PERSONAL NAME | |
| Personal name | Brownie, S. |
| 942 ## - ADDED ENTRY ELEMENTS (KOHA) | |
| Suppress in OPAC | 0 |
| Withdrawn status | Lost status | Source of classification or shelving scheme | Damaged status | Not for loan | Home library | Current library | Shelving location | Date acquired | Total Checkouts | Full call number | Barcode | Date last seen | Copy number | Price effective from | Koha item type |
|---|---|---|---|---|---|---|---|---|---|---|---|---|---|---|---|
| Dewey Decimal Classification | London | London | Journal article | 22/03/2001 | ABS63700 | 111611-1001 | 06/08/2019 | 1 | 06/08/2019 | Journal article |